Ultimate Jurassic Park Name Game - Statistics

General Stats
  • This quiz has been taken 26 times
  • The average score is 26 of 58
Answer Stats
Last First % Correct
Hammond John
100%
Sattler Ellie
92%
Malcolm Ian
92%
Grant Alan
88%
Nedry Dennis
88%
Murphy Tim
88%
Murphy Lex
83%
Grady Owen
83%
Dearing Claire
79%
Gennaro Donald
79%
Wu Henry
79%
Muldoon Robert
75%
Burke Robert
75%
Harding Sarah
71%
Dodgson Lewis
63%
Malcolm Kelly
58%
van Owen Nick
58%
Carr Eddie
54%
Masrani Simon
54%
Hidebrand Ben
50%
Pincus Ben
50%
Kirby Eric
50%
Mitchell Gray
50%
Hoskins Vic
50%
Mills Eli
46%
Lockwood Maisie
46%
Arnold Ray
46%
Wheatley Ken
42%
Kirby Paul
42%
Ludlow Peter
42%
Tembo Roland
42%
Mitchell Zach
42%
Kirby Amanda
38%
Brennan Billy
38%
Sembène Barry
33%
Lockwood Benjamin
33%
Stark Dieter
33%
Sidhu Ajay
29%
Bowman Darius
25%
Webb Franklin
25%
Young Zara
25%
Kon Kenji
21%
Gutierrez Sammy
21%
Mitchell Scott
21%
Fadoula Yasmina
21%
Bowman Brand
17%
Kon Daniel
17%
Eversoll Gunnar
17%
Mitchell Karen
17%
Langford Kash
17%
Rodrigues Zia
17%
Lockwood Charlotte
13%
Watts Kayla
13%
Turner Mae
13%
Delacourt Rainn
13%
Bowman Frederick
8%
Santos Soyona
8%
Cole Ramsay
4%
No matching quizzes found
Score Distribution
Percent of People with Each Score
Percentile by Number Answered
Your Score History
You have not taken this quiz